| 000 | 01311cam a2200385 a 4500 | ||
|---|---|---|---|
| 001 | 2234 | ||
| 003 | FISKH | ||
| 005 | 20231113110304.0 | ||
| 008 | 010426s2001 nyua c 000 1 eng | ||
| 010 | _a 2001032782 | ||
| 020 | _a0689839189 | ||
| 020 | _a0689838816 (pbk.) | ||
| 020 | _a9780545078993 | ||
| 040 |
_aDLC _cDLC _dDLC _beng |
||
| 042 | _alcac | ||
| 050 | 0 | 0 |
_aPZ7.C59118 _bJak 2001 |
| 082 | 0 | 0 |
_a800 _221 |
| 100 | 1 |
_aClements, Andrew, _d1949-2019, |
|
| 245 | 1 | 0 |
_aJake Drake know-it-all / _cAndrew Clements ; Cover illustration by Maria Frazee ; Interior illustrations by Janet Pedersen |
| 250 | _aFirst Scholastic printing, February 2008 | ||
| 260 |
_aNew York : _bScholastic, _c2001 |
||
| 300 |
_a88 pages : _billustrations ; _c20 cm |
||
| 505 | _aP | ||
| 520 | _aJake is determined to win the third grade science fair not only for the grand prize, but to beat the annoying class know-it-alls, as well. | ||
| 521 | 8 |
_a630
_bLexile |
|
| 521 | 8 |
_aP
_bRaz-Plus |
|
| 650 | 1 |
_aScience projects _vFiction. |
|
| 650 | 1 |
_aScience _xExperiments _vFiction. |
|
| 650 | 1 |
_aMagnets _vFiction. |
|
| 650 | 1 |
_aFriendship _vFiction. |
|
| 650 | 1 |
_aSchools _vFiction. |
|
| 700 | 1 |
_aFrazee, Maria _eillustrator |
|
| 906 |
_a7 _bcbc _corignew _d1 _eocip _f20 _gy-gencatlg |
||
| 942 |
_2ddc _cBK _n0 |
||
| 999 |
_c2234 _d2234 |
||